000 00253nam a2200097Ia 4500
001 679977
005 20250826161332.0
008 250824s9999 xx 000 0 und d
245 0 _aANDERSAN MASALLARI
_cHANS CRISTIAN ANDERSAN
260 _bKARATAY GENÇLİK
999 _c679977
_d679977